Polyeucte
Uloženo v:
| Hlavní autor: | |
|---|---|
| Médium: | Kniha |
| Jazyk: | French |
| Vydáno: |
París, Francia
Hachette
1889
|
| Témata: | |
| Tagy: |
Přidat tag
Žádné tagy, Buďte první, kdo vytvoří štítek k tomuto záznamu!
|
MARC
| LEADER | 00000nam a2200000Ia 4500 | ||
|---|---|---|---|
| 008 | 170316s9999 xx 000 0 fref d | ||
| 999 | |c 7574 |d 7574 | ||
| 040 | |a cru BVZT | ||
| 090 | |a 840 C-12p | ||
| 100 | |a Corneille, Pierre | ||
| 245 | |a Polyeucte | ||
| 260 | |a París, Francia | ||
| 260 | |b Hachette | ||
| 260 | |c 1889 | ||
| 300 | |a 74 páginas | ||
| 650 | |a LITERATURA FRANCESA |9 109 | ||
| 942 | |c 15 D |h 840 C-12p |2 z | ||
